| 000 | 00733cam a2200229 a 4500 | ||
|---|---|---|---|
| 001 | 2926022 | ||
| 003 | NUST - PNEC | ||
| 005 | 20170116181015.0 | ||
| 008 | 890703s1989 mau b 001 0 eng | ||
| 010 | _a 89017557 | ||
| 020 |
_a0201518066 : _c$26.95 |
||
| 040 |
_aDLC _cLIBRARY _dDLC |
||
| 082 | 0 | 0 |
_a005.4 PHO _220 |
| 245 | 0 | 0 |
_aSystem BIOS for IBM PC/XT/AT computers and compatibles : _bthe complete guide to ROM-based system software / _cPhoenix Technologies, Ltd. |
| 260 | _cc1989. | ||
| 440 | 0 | _aPhoenix technical reference series | |
| 650 |
_aManagement information system _910414 _xMIS |
||
| 710 | 2 | _aPhoenix Technologies. | |
| 740 | 0 | _aBIOS | |
| 906 |
_a7 _bcbc _corignew _d1 _eocip _f19 _gy-gencatlg |
||
| 942 |
_2ddc _cBK |
||
| 999 |
_c67237 _d67237 |
||